BIBLIOTHÈQUE DE LA MAISON DU MEXIQUE

Logo 1 Logo 2

Movimientos estudiantiles en la historia de América Latina (notice nᵒ 5052)

détails MARC
000 -Sello discográfico
campo de control de longitud fija 01410nam0a2200349 4500
005 - Identificación de versión
campo de control 20251016083955.0
010 ## - Número Estándar Internacional de Libros (ISBN)
Número (ISBN) 970-722-542-4
035 ## - Otros números de control del sistema
Número de control del sistema 32840
099 ## - fechas locales
Tipo de ítem Koha LIBRO
100 ## - Datos de procesamiento general
Datos de procesamiento general 20110921d2006 m y0spay5003 ba
105 ## - Campo de datos codificados: Material textual, monográfico
Datos codificados de monografía y 001zy
200 1# - Título y mención de responsabilidad
Título propio Movimientos estudiantiles en la historia de América Latina
Designación general del material texto impreso
Otra información del título III
Primer mención de responsabilidad Hugo E. Biagini, Yazmín Cuevas, Fabio Moraga Valle, ... [et al.]
Declaración de responsabilidad subsiguiente coordinación Renate Marsiske
205 ## - Declaración de edición
Declaración de edición 1a ed
210 ## - Publicación, distribución, etc.
Lugar de publicación, distribución, etc. México
Nombre del editor, distribuidor, etc. Universidad Nacional Autónoma de México, Centro de Estudios sobre la Universidad
-- Plaza y Valdés Editores
Fecha de publicación, distribución, etc. 2006
215 ## - Descripción física
Designación de material específico y extensión del ítem 2 v
Dimensiones 23 cm
300 ## - Notas generales
Texto de la nota La biblioteca cuenta únicamente con el v.1
320 ## - Nota de índices/bibliografías internas
Texto de la nota Incluye bibliografía
345 ## - Nota de información de adquisición
Fuente de adquisición/dirección de la suscripción [OBSOLETO] Donación 'Salon du Livre 2009'
410 #1 - Series
Título Colección Historia de la Educación
Nombre de parte o sección Serie Mayor
606 ## - Término temático usado como materia
Elemento de entrada Jóvenes
Subdivisión temática Actividad política
Subdivisión geográfica Hispanoamérica
Subdivisión temática Historia
Número Koha 9892
606 ## - Término temático usado como materia
Elemento de entrada Movimientos estudiantiles
Subdivisión geográfica Hispanoamérica
Subdivisión temática Historia
Número Koha 9893
700 ## - Nombre personal - Responsabilidad primaria
Elemento de entrada Biagini
Parte del nombre distinta del elemento de entrada Hugo E
Número Koha 9894
701 ## - Nombre personal - Responsabilidad alternativa
Elemento de entrada Cuevas
Parte del nombre distinta del elemento de entrada Yazmín
Número Koha 9895
701 ## - Nombre personal - Responsabilidad alternativa
Elemento de entrada Moraga Valle
Parte del nombre distinta del elemento de entrada Fabio
Número Koha 9896
702 ## - Nombre personal - Responsabilidad secundaria
Elemento de entrada Marsiske Schulte
Parte del nombre distinta del elemento de entrada Renate
Número Koha 9897
801 #0 - Fuente de origen
País FR
Agencia cm
Reglas de catalogación (convenciones descriptivas) AFNOR
900 ## -
-- 1/20511
942 ## - ELEMENTOS DE ENTRADA SECUNDARIOS (KOHA)
Tipo de ítem Koha Livre
996 ## -
-- MEX
-- 751145101
-- MMAG
-- 000400
-- 378.19 M935 V.1
-- 20110921LIV
Exemplaires
Estatus retirado Estado de daño Estado de pérdida Fecha de adquisición Biblioteca de origen Biblioteca actual Ubicación en estantería Código de barras Precio de reemplazo Signatura topográfica completa No para préstamo Tipo de ítem Koha Nota pública Nota no pública
      05/08/2025 Casa México Paris Casa México Paris   000400 05/08/2025 378.19 M935 V.1   Livre 20110921LIV 751145101